00524nam a22001697a 450000500170000001000260001702000260004303500270006903700260009608200150012210000190013724500770015626000330023327000540026630000240032065000100034420110722170729.0 aB-428308-313 B-441364 a9789380283760c695.00 aB-428308-313 B-441364 bAllied Publishers/Ven a070.920954 aVerghese, B.G. aFirst Draft :cby B.G.Verghese.bwitness to the making of modern india / aNew DelhibTranquebar c2010 a47, Brij Mohan Road, DaryaganjbNew Delhie1100022 a573p. . c24cm(Hb)  aNovel